000
00284nam a2200121Ia 4500
008
221102s9999 xx 000 0 und d
041
_a
eng
082
_b
Sub
100
_a
Subhash Bisaria
_9
94896
245
_a
As You Like it
250
_a
9
260
_b
Rama Brothers
_c
1905-07-03
999
_c
82033
_d
82033